| 000 | 00393nam a2200145Ia 4500 | ||
|---|---|---|---|
| 008 | 230917s9999||||xx |||||||||||||| ||und|| | ||
| 040 |
_e112812 _aMAIN |
||
| 041 | _aEnglish | ||
| 082 | _a621.43 P 966 E | ||
| 100 | _aPulkrabek, Willard W. | ||
| 245 | 0 | _aEngineering fundamentals of the inyernal combustion engine | |
| 260 |
_aDelhi _bPearson _c2003 |
||
| 300 | _aXIX p. ; 411p | ||
| 942 | _cBK | ||
| 999 |
_c138402 _d138402 |
||